| 000 | 00646nam a2200217 a 4500 | ||
|---|---|---|---|
| 999 |
_c2877 _d2877 |
||
| 001 | 2877 | ||
| 003 | BD-JhCC | ||
| 005 | 20220825134021.0 | ||
| 008 | 171107s2009 bg | ||| ||a| 000 0 ben d | ||
| 035 | _a(BD-JhCC)2877 | ||
| 040 |
_aBD-JhCC _dBD-JhCC |
||
| 041 | _aben | ||
| 082 |
_a378.196 _bMAM 2009 |
||
| 100 | _aমামুন, মোস্তফা | ||
| 245 |
_aহ্যালো ক্যাডেটস / _cমোস্তফা মামুন |
||
| 260 |
_aঢাকা : _bবিদ্যাপ্রকাশ, _c2009. |
||
| 300 |
_a171 p. : _c21 cm. |
||
| 650 | _aCadet College Education | ||
| 942 |
_2ddc _cBK _06 |
||